000 01032nam a2200289 4500
001 178783
003 ES-MaACL
005 20240129115652.0
008 110628s2000 sp ac o |||| |bspa d
020 _a84-95418-04-5
080 _a929 Heine, Heinrich
100 1 _aAub, Max,
_d1903-1972
_923783
245 1 0 _aHeine /
_cMax Aub ; introducción, edición y notas de Mercedes Figueras ; traducción al alemán y notas de Berit Balzer.
260 _aSegorbe (Castellón) :
_bFundación Max Aub,
_c[2000]
300 _a254 p. :
_bil. ;
_c18 x 15 cm.
490 1 _aBiblioteca Max Aub ;
_v8
500 _aCronología.
504 _aBibliografía: p. 237-242.
600 1 7 _aHeine, Heinrich.
_962371
700 1 _aFigueras, Mercedes.
_950763
700 1 _aBalzer, Berit.
_9147266
710 2 _aFundación Max Aub.
_94367
830 0 _aBiblioteca Max Aub ;
_v8
_9191028
852 _aES-MaACL
_jA-11307
_9185644
_bR.146707
_cDEPO1
_dOlim: N-4311
942 _2udc
_cMONOGRAFIA
999 _c178783
_d178783